[Event "FICS rated lightning game"]
[Site "FICS freechess.org"]
[Date "2018.01.18"]
[Round "?"]
[White "karthikg"]
[Black "Invited"]
[Result "1-0"]
[WhiteElo "1896"]
[BlackElo "1711"]
[PlyCount "35"]
[EventDate "2018.??.??"]

1. e4 e5 2. Nf3 Nc6 3. c3 Nf6 4. d4 Nxe4 5. Bd3 d5 6. O-O exd4 7. Nxd4 Nxd4 8.
cxd4 Bd6 9. Nc3 Nxc3 10. bxc3 O-O 11. Bb2 c6 12. c4 Be6 13. Qh5 g6 14. Qh6 Qf6
15. Rfe1 Bf4 16. Qxf4 Qxf4 17. Re3 Rfe8 18. Rae1 1-0

[Event "FICS rated blitz game"]
[Site "FICS freechess.org"]
[Date "2018.01.18"]
[Round "?"]
[White "sampaths"]
[Black "SomanNair"]
[Result "1-0"]
[WhiteElo "1626"]
[BlackElo "1421"]
[PlyCount "77"]
[EventDate "2018.??.??"]
[EventType "blitz"]

1. e4 e5 2. Nf3 Nc6 3. c3 Nf6 4. d4 Nxe4 5. dxe5 Bb4 6. cxb4 O-O 7. Nc3 Nxc3 8.
bxc3 Re8 9. Be2 d6 10. exd6 cxd6 11. O-O Bg4 12. Re1 Qf6 13. Bg5 Qxc3 14. b5
Nb4 15. Rc1 Qa3 16. Qb3 Qa5 17. a3 Qxb5 18. Bxb5 Rxe1+ 19. Rxe1 a5 20. axb4
axb4 21. Qxb4 Bxf3 22. gxf3 h6 23. Be7 d5 24. Qd6 Ra3 25. Qxa3 f6 26. Qd6 Kf7
27. Qxd5+ Kg6 28. Qxb7 f5 29. Qc6+ Kh5 30. Qc2 f4 31. Qf5+ g5 32. Qc8 Kg6 33.
h4 Kh5 34. hxg5 hxg5 35. Qg4+ Kg6 36. Bxg5 Kf7 37. Bxf4 Kf6 38. Qg5+ Kf7 39.
Bc4+ 1-0

[Event "FICS rated blitz game"]
[Site "FICS freechess.org"]
[Date "2018.01.18"]
[Round "?"]
[White "BiH"]
[Black "AXTbIPKA"]
[Result "0-1"]
[WhiteElo "1561"]
[BlackElo "1641"]
[PlyCount "76"]
[EventDate "2018.??.??"]
[EventType "blitz"]

1. e4 e5 2. Nf3 Nc6 3. c3 Nf6 4. d4 Nxe4 5. d5 Ne7 6. Nxe5 d6 7. Nc4 Nf6 8. Ne3
Nf5 9. c4 Nxe3 10. Bxe3 Be7 11. Bd3 O-O 12. Nc3 Re8 13. h3 Nd7 14. Qh5 g6 15.
Qf3 Ne5 16. Qd1 Nxd3+ 17. Qxd3 Bf5 18. Qd2 Bg5 19. O-O Bxe3 20. fxe3 Qe7 21.
Rf3 Be4 22. Rf4 f5 23. Raf1 Qg5 24. Nxe4 Rxe4 25. Rxe4 fxe4 26. Rf4 Re8 27. Qd4
Qe5 28. Qxa7 Qxb2 29. Qa4 Qe5 30. Qd7 Qe7 31. Qb5 b6 32. a4 Rf8 33. g3 Rxf4 34.
gxf4 Qh4 35. Qe8+ Kg7 36. Qxe4 Qe1+ 37. Kg2 Qe2+ 38. Kg3 Qe1+ 0-1

[Event "FICS rated standard game"]
[Site "FICS freechess.org"]
[Date "2018.01.18"]
[Round "?"]
[White "FyFazan"]
[Black "hamzakheyl"]
[Result "1-0"]
[WhiteElo "1655"]
[BlackElo "1485"]
[PlyCount "91"]
[EventDate "2018.??.??"]

1. e4 e5 2. Nf3 Nc6 3. c3 g6 4. d4 d6 5. dxe5 Nxe5 6. Nxe5 dxe5 7. Qxd8+ Kxd8
8. Bc4 Be7 9. Bxf7 Nf6 10. O-O Bd7 11. Rd1 c6 12. Nd2 Kc7 13. f3 Raf8 14. Bb3
Nh5 15. Nc4 Bf6 16. Bh6 Rd8 17. Be3 Kb8 18. Nd6 Be8 19. Nxe8 Rxd1+ 20. Rxd1
Rxe8 21. Rd7 Rh8 22. g4 Nf4 23. Bxf4 exf4 24. Rf7 Be5 25. a4 h5 26. gxh5 gxh5
27. Rf5 Bc7 28. h3 a6 29. Bf7 h4 30. b4 Bb6+ 31. Kg2 Rf8 32. Bh5 Rg8+ 33. Bg4
Rh8 34. Rxf4 Be3 35. Rf5 Bd2 36. Rc5 Rd8 37. e5 Be3 38. Rc4 Rd2+ 39. Kf1 Bf2
40. Re4 Bg3 41. e6 Rd1+ 42. Ke2 Re1+ 43. Kd3 Rd1+ 44. Kc2 Rd8 45. e7 Re8 46.
Bh5 1-0

[Event "FICS rated blitz game"]
[Site "FICS freechess.org"]
[Date "2018.01.18"]
[Round "?"]
[White "kiknit"]
[Black "daIlAi"]
[Result "1-0"]
[WhiteElo "1467"]
[BlackElo "1432"]
[PlyCount "69"]
[EventDate "2018.??.??"]
[EventType "blitz"]

1. e4 e5 2. Nf3 Nc6 3. c3 Nf6 4. Bc4 Bc5 5. d4 exd4 6. cxd4 Bb4+ 7. Nc3 Bxc3+
8. bxc3 O-O 9. O-O Nxe4 10. Bf4 Nxc3 11. Qd3 Qf6 12. Ng5 g6 13. Bd2 Nxa2 14.
Bxa2 Qxd4 15. Qh3 h5 16. Rfd1 Qf6 17. Ne4 Qe7 18. Ng3 d5 19. Nf5 Bxf5 20. Qg3
Be6 21. Bh6 Rfd8 22. Re1 Qf6 23. Bg5 Qf5 24. Bxd8 Rxd8 25. Re3 d4 26. Bxe6 fxe6
27. Rf3 Qe5 28. Qxg6+ Kh8 29. Qh6+ Kg8 30. Rg3+ Kf7 31. Qh7+ Kf6 32. Rf3+ Kg5
33. Rg3+ Kf6 34. Qg7+ Kf5 35. Rg5+ {Black resigns} 1-0

[Event "FICS rated standard game"]
[Site "FICS freechess.org"]
[Date "2018.01.18"]
[Round "?"]
[White "piaanist"]
[Black "neiloski"]
[Result "1-0"]
[WhiteElo "1435"]
[BlackElo "1539"]
[PlyCount "58"]
[EventDate "2018.??.??"]

1. e4 e5 2. Nf3 Nc6 3. c3 Bc5 4. Bd3 d6 5. O-O Bg4 6. Bc2 Qf6 7. d4 exd4 8.
cxd4 Bxf3 9. gxf3 Qg6+ 10. Kh1 Bxd4 11. Rg1 Qh6 12. Bxh6 Bxf2 13. Rg2 gxh6 14.
Rxf2 O-O-O 15. Nc3 Nge7 16. Qe2 a6 17. Qe3 h5 18. Ba4 Rhg8 19. Rc1 Kb8 20. Nd5
Nxd5 21. exd5 Ne5 22. Qc3 c6 23. dxc6 Rc8 24. Rfc2 bxc6 25. Bxc6 Nxc6 26. Qb3+
Ka7 27. Rxc6 Rb8 28. Qe3+ Kb7 29. Rc7+ Ka8 {Black resigns} 1-0

[Event "FICS rated blitz game"]
[Site "FICS freechess.org"]
[Date "2018.01.18"]
[Round "?"]
[White "windbumwino"]
[Black "testosteron"]
[Result "0-1"]
[WhiteElo "1515"]
[BlackElo "1520"]
[PlyCount "80"]
[EventDate "2018.??.??"]
[EventType "blitz"]

1. e4 e5 2. c3 Nc6 3. Nf3 d5 4. exd5 Qxd5 5. Be2 e4 6. Nd4 Nxd4 7. cxd4 Qxd4 8.
O-O Nf6 9. Nc3 Bb4 10. Bb5+ c6 11. Ba4 Bg4 12. Qc2 Bxc3 13. bxc3 Qd3 14. Re1
O-O-O 15. Qxd3 exd3 16. Bb3 Bh5 17. g3 Rhe8 18. Ba3 Be2 19. Bc4 b5 20. Bxf7 Re5
21. Bc5 Rd7 22. Bb3 Ne4 23. Be3 Kc7 24. a4 a6 25. axb5 Rxb5 26. Bc4 Rb2 27.
Rxa6 Nxd2 28. Ra7+ Kd8 29. Rxd7+ Kxd7 30. Bg8 h6 31. Bh7 Nf3+ 32. Kg2 Nxe1+ 33.
Kh3 Bf1+ 34. Kg4 Ng2 35. Bf5+ Kd6 36. Kf3 Nxe3 37. Kxe3 Rc2 38. Bxd3 Bxd3 39.
Kxd3 Rxf2 40. h4 Rf3+ {White resigns} 0-1

[Event "FICS rated blitz game"]
[Site "FICS freechess.org"]
[Date "2018.01.18"]
[Round "?"]
[White "lukapav"]
[Black "puthoor"]
[Result "1-0"]
[WhiteElo "1370"]
[BlackElo "1409"]
[PlyCount "83"]
[EventDate "2018.??.??"]
[EventType "blitz"]

1. e4 e5 2. Nf3 Nc6 3. c3 h6 4. d3 a6 5. Be2 Qf6 6. h3 Bc5 7. O-O Nge7 8. Nbd2
d6 9. Nb3 Ba7 10. Be3 O-O 11. Bxa7 Nxa7 12. d4 Nac6 13. d5 Nb8 14. Nbd2 Ng6 15.
Re1 Nf4 16. Bf1 Nd7 17. b3 Nb6 18. a4 Qe7 19. a5 Nd7 20. b4 f5 21. g3 Ng6 22.
exf5 Rxf5 23. Bd3 Rf6 24. Ne4 Rf8 25. Ned2 Qe8 26. Qc2 Ne7 27. Nh4 Qh5 28. c4
Nf6 29. Kg2 e4 30. Nxe4 Nxe4 31. Bxe4 Bd7 32. Bh7+ Kh8 33. Rxe7 Rad8 34. Bg6
Qg5 35. Re2 Be8 36. Bxe8 Rdxe8 37. Ng6+ Kg8 38. Nxf8 Rxf8 39. Rae1 Qf6 40. Qd3
b5 41. cxb5 axb5 42. a6 {Black resigns} 1-0

[Event "FICS rated blitz game"]
[Site "FICS freechess.org"]
[Date "2018.01.18"]
[Round "?"]
[White "morts"]
[Black "AkeZ"]
[Result "1-0"]
[WhiteElo "1163"]
[BlackElo "1101"]
[PlyCount "75"]
[EventDate "2018.??.??"]
[EventType "blitz"]

1. e4 e5 2. Nf3 Nc6 3. c3 h6 4. g3 Nf6 5. d3 Bc5 6. Bg2 d6 7. O-O Bg4 8. Nbd2
a6 9. Qb3 b5 10. Qc2 O-O 11. b4 Bb6 12. Bb2 a5 13. a3 a4 14. d4 Re8 15. dxe5
Nxe5 16. Nxe5 dxe5 17. Nf3 Qb8 18. c4 c6 19. c5 Ba7 20. Bc3 Qc7 21. Qb2 Qd7 22.
Nxe5 Qe6 23. Nxg4 Nxg4 24. e5 Bb8 25. h3 Nxe5 26. Rae1 Qf5 27. Bxc6 Nf3+ 28.
Bxf3 Rxe1 29. Bxa8 Re6 30. Bg2 Rg6 31. Qe2 Re6 32. Qd2 Bc7 33. Bxg7 Kxg7 34.
Qd4+ Be5 35. Qd7 Qf6 36. c6 Re7 37. Qd5 Rc7 38. Qxb5 {Black resigns} 1-0

[Event "FICS rated standard game"]
[Site "FICS freechess.org"]
[Date "2018.01.18"]
[Round "?"]
[White "louarn"]
[Black "sailingsoul"]
[Result "0-1"]
[WhiteElo "1480"]
[BlackElo "1499"]
[PlyCount "60"]
[EventDate "2018.??.??"]

1. e4 e5 2. Nf3 Nc6 3. c3 Bc5 4. d4 exd4 5. cxd4 Bb4+ 6. Bd2 Qe7 7. Be2 Qxe4 8.
Bxb4 Nxb4 9. Nbd2 Qf5 10. O-O Ne7 11. Qb3 a5 12. Rac1 c6 13. Nh4 Qf6 14. Nhf3
Nbd5 15. Ne4 Qh6 16. Rfe1 d6 17. Nxd6+ Qxd6 18. Bc4 Rf8 19. Ng5 Qh6 20. Ne4 f5
21. Ng3 f4 22. Nf5 Rxf5 23. Bd3 Rh5 24. h3 Qg5 25. Be2 Rh6 26. Qf3 Bxh3 27. Kh1
Bg4+ 28. Kg1 Bxf3 29. Bxf3 O-O-O 30. Bxd5 Nxd5 {White resigns} 0-1

[Event "FICS rated standard game"]
[Site "FICS freechess.org"]
[Date "2018.01.18"]
[Round "?"]
[White "GriffyJr"]
[Black "stoyko"]
[Result "1-0"]
[WhiteElo "2050"]
[BlackElo "1911"]
[PlyCount "55"]
[EventDate "2018.??.??"]

1. e4 e5 2. Nf3 Nc6 3. c3 Nf6 4. d4 Nxe4 5. Bd3 d5 6. dxe5 Be6 7. O-O Nc5 8.
Bb5 Be7 9. Nd4 Qd7 10. Nxe6 Nxe6 11. Be3 a6 12. Bxc6 Qxc6 13. Qh5 O-O 14. Nd2
Bc5 15. Bxc5 Qxc5 16. Nb3 Qe7 17. Nd4 c5 18. Nf5 Qc7 19. f4 Rad8 20. Nd6 f6 21.
Qf5 Qe7 22. Nxb7 Rb8 23. Na5 Rxb2 24. exf6 Rxf6 25. Qxd5 Kh8 26. Nc6 Qf7 27.
Ne5 Qe8 28. f5 1-0

[Event "FICS rated standard game"]
[Site "FICS freechess.org"]
[Date "2018.01.18"]
[Round "?"]
[White "BillPP"]
[Black "ashokabc"]
[Result "1-0"]
[WhiteElo "1516"]
[BlackElo "1601"]
[PlyCount "23"]
[EventDate "2018.??.??"]

1. e4 e5 2. Nf3 Nc6 3. c3 Nf6 4. Qc2 Bc5 5. Bc4 O-O 6. O-O d6 7. Ng5 Ng4 8. d4
exd4 9. e5 g6 10. Qb3 Nh6 11. cxd4 Nxd4 12. Qd1 1-0

[Event "FICS rated standard game"]
[Site "FICS freechess.org"]
[Date "2018.01.18"]
[Round "?"]
[White "axelina"]
[Black "ashokabc"]
[Result "0-1"]
[WhiteElo "1525"]
[BlackElo "1591"]
[PlyCount "88"]
[EventDate "2018.??.??"]

1. e4 e5 2. Nf3 Nc6 3. c3 Nf6 4. d3 Be7 5. Be2 d5 6. exd5 Nxd5 7. c4 Nf6 8. O-O
O-O 9. Bg5 Bd6 10. Nc3 Be6 11. Nd5 Bxd5 12. cxd5 Nb4 13. d4 e4 14. Ne5 h6 15.
Bxf6 Qxf6 16. f3 Qh4 17. fxe4 Qxe4 18. Bf3 Qe3+ 19. Kh1 Bxe5 20. dxe5 Nd3 21.
Qe2 Qxe2 22. Bxe2 Nxe5 23. Rac1 c6 24. dxc6 Nxc6 25. Bf3 Rac8 26. Bxc6 Rxc6 27.
Rcd1 Rc2 28. Rb1 b5 29. a3 a5 30. Rf5 Rb8 31. h3 a4 32. Kh2 Re2 33. b3 axb3 34.
Rxb3 Rc8 35. Rbxb5 Rcc2 36. Rb8+ Kh7 37. Rxf7 Rxg2+ 38. Kh1 Ra2 39. Ra8 Rge2
40. Rf1 Re3 41. a4 Rxh3+ 42. Kg1 Rg3+ 43. Kh1 Rg5 44. Rg1 Rh5# {White
checkmated} 0-1

[Event "FICS rated standard game"]
[Site "FICS freechess.org"]
[Date "2018.01.18"]
[Round "?"]
[White "koadjao"]
[Black "Marcosm"]
[Result "1-0"]
[WhiteElo "1690"]
[BlackElo "1690"]
[PlyCount "81"]
[EventDate "2018.??.??"]

1. e4 e5 2. Nf3 Nc6 3. c3 Bc5 4. d4 exd4 5. cxd4 Bb6 6. Nc3 d6 7. Bf4 Bg4 8. h3
Bxf3 9. gxf3 Nxd4 10. Be3 Nc6 11. Bxb6 axb6 12. Bb5 Nf6 13. Nd5 Nxd5 14. exd5
Qe7+ 15. Qe2 Qxe2+ 16. Kxe2 O-O 17. dxc6 bxc6 18. Bxc6 Ra5 19. b4 Re5+ 20. Kd2
d5 21. Rhe1 Re6 22. b5 d4 23. Re4 Rd8 24. Rae1 h6 25. Rxe6 fxe6 26. Rxe6 Rf8
27. Kd3 Rf4 28. Re7 g5 29. Rxc7 h5 30. Rb7 g4 31. hxg4 hxg4 32. fxg4 Rxg4 33.
f3 Rg2 34. Rxb6 Rxa2 35. Kxd4 Kf7 36. Ra6 Rd2+ 37. Kc3 Rd6 38. Be4 Rd8 39. b6
Ke7 40. b7 Rb8 41. Ra8 {Black resigns} 1-0

[Event "FICS rated blitz game"]
[Site "FICS freechess.org"]
[Date "2018.01.18"]
[Round "?"]
[White "BiH"]
[Black "sammyaguns"]
[Result "0-1"]
[WhiteElo "1563"]
[BlackElo "1598"]
[PlyCount "92"]
[EventDate "2018.??.??"]
[EventType "blitz"]

1. e4 e5 2. Nf3 Nc6 3. c3 Nf6 4. d4 d6 5. d5 Ne7 6. Bd3 c6 7. c4 b5 8. b3 a5 9.
Nc3 bxc4 10. bxc4 cxd5 11. cxd5 Ng6 12. O-O Be7 13. h3 O-O 14. Ne2 h6 15. Be3
Bd7 16. Rb1 Qc8 17. Qd2 Bxh3 18. gxh3 Qxh3 19. Ng3 Ng4 20. Rfc1 Nxe3 21. Qxe3
Nf4 22. Bf1 Qg4 23. Nh2 Qg6 24. Kh1 Bg5 25. Nf5 Nxd5 26. Qd3 Bxc1 27. Qxd5 Bg5
28. Rb6 Qh5 29. Ng3 Qh4 30. Kg2 Bf4 31. Nf3 Qg4 32. Rxd6 h5 33. Nh2 Qg5 34. Kf3
h4 35. Ng4 hxg3 36. fxg3 Bc1 37. Qxe5 Qxe5 38. Nxe5 Rad8 39. Rd5 Rxd5 40. exd5
Re8 41. Ke4 f6 42. d6 fxe5 43. Kd5 Bg5 44. d7 Rd8 45. Ke6 e4 46. Bc4 Kf8 0-1

[Event "FICS rated blitz game"]
[Site "FICS freechess.org"]
[Date "2018.01.18"]
[Round "?"]
[White "BiH"]
[Black "sammyaguns"]
[Result "0-1"]
[WhiteElo "1561"]
[BlackElo "1600"]
[PlyCount "70"]
[EventDate "2018.??.??"]
[EventType "blitz"]

1. e4 e5 2. Nf3 Nc6 3. c3 Nf6 4. d4 d6 5. d5 Ne7 6. Bd3 Ng6 7. h3 Be7 8. O-O c6
9. c4 O-O 10. Nc3 Bd7 11. Ne2 a6 12. Kh2 b5 13. b3 Qb6 14. Be3 Qc7 15. Rc1 Rfd8
16. cxb5 axb5 17. dxc6 Be6 18. Qc2 h6 19. Bxb5 d5 20. Ng3 dxe4 21. Nxe4 Nxe4
22. Qxe4 Bd5 23. Qg4 e4+ 24. Kh1 exf3 25. gxf3 Ne5 26. Qg3 Bxf3+ 27. Kh2 Bd6
28. Bf4 Ng4+ 29. hxg4 Bxf4 30. Rfe1 Bxg3+ 31. fxg3 Rxa2+ 32. Kh3 Rdd2 33. Re8+
Kh7 34. Be2 Bxe2 35. g5 hxg5 {White resigns} 0-1

[Event "FICS rated blitz game"]
[Site "FICS freechess.org"]
[Date "2018.01.18"]
[Round "?"]
[White "mtjab"]
[Black "sarosha"]
[Result "1-0"]
[WhiteElo "1931"]
[BlackElo "1975"]
[PlyCount "65"]
[EventDate "2018.??.??"]
[EventType "blitz"]

1. e4 e5 2. Nf3 Nc6 3. c3 Bc5 4. d4 exd4 5. cxd4 Bb6 6. d5 Na5 7. b4 Qe7 8.
bxa5 Bxa5+ 9. Bd2 Qxe4+ 10. Qe2 Qxe2+ 11. Bxe2 Bxd2+ 12. Nbxd2 Nf6 13. Bc4 d6
14. O-O Bg4 15. Rfe1+ Kd8 16. h3 Bd7 17. Ng5 Rf8 18. Nge4 Ng8 19. Ng5 h6 20.
Ngf3 g5 21. Nd4 c5 22. Nb5 Bxb5 23. Bxb5 a6 24. Be2 Kc7 25. Bh5 b5 26. Ne4 Rae8
27. Ng3 Nf6 28. Rxe8 Rxe8 29. Bxf7 Re5 30. Rd1 Kb6 31. Be6 c4 32. Nf5 Kc5 33.
Nxh6 1-0

[Event "FICS rated blitz game"]
[Site "FICS freechess.org"]
[Date "2018.01.18"]
[Round "?"]
[White "Flyinghooves"]
[Black "tuffnut"]
[Result "0-1"]
[WhiteElo "1163"]
[BlackElo "1073"]
[PlyCount "56"]
[EventDate "2018.??.??"]
[EventType "blitz"]

1. e4 e5 2. Nf3 Nc6 3. c3 Nf6 4. Bc4 d6 5. Qb3 Qe7 6. Ng5 Nd8 7. d4 exd4 8. O-O
h6 9. Nf3 Be6 10. Bxe6 Qxe6 11. Qxe6+ Nxe6 12. Re1 dxc3 13. Nxc3 Be7 14. e5
dxe5 15. Nxe5 O-O 16. Be3 Bd6 17. Nf3 a6 18. Rad1 Rad8 19. Bd4 Nxd4 20. Nxd4
Bb4 21. Re3 Bxc3 22. Rxc3 c6 23. Rcd3 Nd5 24. Nf5 Kh7 25. Rg3 g6 26. Nh4 Nf4
27. Rxd8 Rxd8 28. Re3 Rd1+ {White resigns} 0-1

[Event "FICS rated blitz game"]
[Site "FICS freechess.org"]
[Date "2018.01.18"]
[Round "?"]
[White "BiH"]
[Black "VPolevikov"]
[Result "0-1"]
[WhiteElo "1587"]
[BlackElo "1670"]
[PlyCount "88"]
[EventDate "2018.??.??"]
[EventType "blitz"]

1. e4 e5 2. Nf3 Nc6 3. c3 g6 4. d4 exd4 5. cxd4 Bg7 6. h3 Nge7 7. Bc4 d6 8. Nc3
O-O 9. O-O h6 10. Be3 Kh7 11. a3 f5 12. Bd3 fxe4 13. Bxe4 Bf5 14. Qd3 Bxe4 15.
Nxe4 Nf5 16. Neg5+ hxg5 17. Nxg5+ Kg8 18. Ne6 Qf6 19. Nxf8 Rxf8 20. Qb3+ Qf7
21. Qxb7 Ncxd4 22. Bg5 c5 23. Qa6 Bf6 24. Bf4 Be5 25. Bg5 Bf6 26. Bf4 Qd7 27.
Rad1 Be5 28. Bh6 Rb8 29. Bc1 Qb7 30. Qc4+ Qf7 31. Qa6 Rb6 32. Qc8+ Kg7 33. Rfe1
Rb7 34. g4 Nh4 35. Rxe5 dxe5 36. Qxc5 Nhf3+ 37. Kh1 Rd7 38. Be3 Qd5 39. Qxd5
Rxd5 40. Rc1 Kf6 41. Rc7 a5 42. Ra7 Ke6 43. Ra6+ Kf7 44. Ra7+ Ke6 0-1

[Event "FICS rated blitz game"]
[Site "FICS freechess.org"]
[Date "2018.01.18"]
[Round "?"]
[White "franguly"]
[Black "cyberfan"]
[Result "0-1"]
[WhiteElo "1340"]
[BlackElo "1451"]
[PlyCount "78"]
[EventDate "2018.??.??"]
[EventType "blitz"]

1. e4 e5 2. Nf3 Nc6 3. c3 Bc5 4. d4 exd4 5. cxd4 Bb4+ 6. Nc3 d6 7. Bb5 Bxc3+ 8.
bxc3 Bd7 9. O-O h6 10. Nd2 g5 11. f4 Nb8 12. Bxd7+ Nxd7 13. fxg5 hxg5 14. Qf3
Qe7 15. e5 O-O-O 16. exd6 Qxd6 17. g3 f6 18. Rb1 c6 19. Nc4 Qd5 20. Qxd5 cxd5
21. Na5 b6 22. Nc6 Re8 23. Nxa7+ Kb7 24. Nb5 Re2 25. Rb2 Rhxh2 26. Rxe2 Rxe2
27. a3 Kc6 28. Na7+ Kb7 29. Nb5 Nb8 30. Nd6+ Kc6 31. Ne8 Nd7 32. Ng7 Rc2 33.
Ne6 Rxc3 34. Nxg5 Rxg3+ 35. Kh2 Rxg5 36. Bxg5 fxg5 37. Kg3 Ngf6 38. Rf5 Ne4+
39. Kg4 Ndf6+ 0-1

[Event "FICS rated standard game"]
[Site "FICS freechess.org"]
[Date "2018.01.18"]
[Round "?"]
[White "PickleRick"]
[Black "mosia"]
[Result "1-0"]
[WhiteElo "1634"]
[BlackElo "1668"]
[PlyCount "73"]
[EventDate "2018.??.??"]

1. e4 e5 2. Nf3 Nc6 3. c3 Bc5 4. d3 Nf6 5. b4 Bb6 6. b5 Ne7 7. Nxe5 d6 8. Nc4
Bg4 9. Qd2 Ng6 10. Nxb6 axb6 11. h3 Be6 12. g4 O-O 13. Be2 Ne5 14. g5 Nfd7 15.
f4 Ng6 16. f5 Nge5 17. fxe6 fxe6 18. Qe3 Nc5 19. d4 Ncd7 20. dxe5 Nxe5 21. Nd2
Ra4 22. c4 Nf7 23. Bd1 Ra8 24. h4 Ne5 25. Bb2 c6 26. Bxe5 dxe5 27. bxc6 bxc6
28. Qh3 Qd6 29. Bb3 c5 30. O-O-O Qd4 31. Kb1 Ra3 32. Qxe6+ Kh8 33. Nf3 Qxe4+
34. Kb2 Qe2+ 35. Rd2 Qxf3 36. Rhd1 Rfa8 37. Rd8+ 1-0

[Event "FICS rated blitz game"]
[Site "FICS freechess.org"]
[Date "2018.01.18"]
[Round "?"]
[White "windbumwino"]
[Black "testosteron"]
[Result "0-1"]
[WhiteElo "1514"]
[BlackElo "1521"]
[PlyCount "50"]
[EventDate "2018.??.??"]
[EventType "blitz"]

1. e4 e5 2. c3 Nc6 3. Nf3 Nf6 4. d4 exd4 5. e5 Nd5 6. cxd4 d6 7. Nc3 dxe5 8.
Nxe5 Nxc3 9. bxc3 Nxe5 10. dxe5 Qxd1+ 11. Kxd1 Bc5 12. Be3 Bxe3 13. fxe3 Bg4+
14. Be2 O-O-O+ 15. Ke1 Bf5 16. Rd1 Bc2 17. Rxd8+ Rxd8 18. Kf2 Rd2 19. Rc1 Bd3
20. Re1 Rxa2 21. e4 Bxe2 22. Rxe2 Rxe2+ 23. Kxe2 Kd7 24. Kd3 Ke6 25. Kc4 Kxe5 {
White resigns} 0-1

[Event "FICS rated blitz game"]
[Site "FICS freechess.org"]
[Date "2018.01.18"]
[Round "?"]
[White "BiH"]
[Black "AXTbIPKA"]
[Result "1/2-1/2"]
[WhiteElo "1565"]
[BlackElo "1637"]
[PlyCount "130"]
[EventDate "2018.??.??"]
[EventType "blitz"]

1. e4 e5 2. Nf3 Nc6 3. c3 Nf6 4. d4 Nxe4 5. d5 Nb8 6. Nxe5 Qe7 7. Qd4 Nf6 8.
Be3 d6 9. Nf3 Qe4 10. Qxe4+ Nxe4 11. Bd3 Nf6 12. c4 Be7 13. h3 O-O 14. Nbd2 h6
15. O-O Nbd7 16. Rfe1 Re8 17. Bd4 Nc5 18. Bc2 Bd7 19. Bxc5 dxc5 20. Ne5 Bd6 21.
Ndf3 Re7 22. Re3 Rae8 23. Rae1 Kf8 24. Nxd7+ Nxd7 25. Rxe7 Rxe7 26. Rxe7 Kxe7
27. Nh4 g6 28. g3 Kf6 29. f4 g5 30. Ng2 Nf8 31. Kf2 Ng6 32. Kf3 gxf4 33. gxf4
Ne7 34. Kg4 Nc8 35. Ne3 Nb6 36. b3 Kg7 37. Nf5+ Kf8 38. Nxh6 a5 39. Nf5 a4 40.
h4 axb3 41. axb3 Nd7 42. Kg5 Kg8 43. Nxd6 cxd6 44. h5 Kh8 45. Bf5 Nf8 46. Kf6
Kg8 47. Ke7 Kg7 48. h6+ Kg8 49. Kf6 Nh7+ 50. Bxh7+ Kxh7 51. Kxf7 Kxh6 52. Ke6
Kh5 53. f5 Kg4 54. f6 Kf4 55. f7 Ke4 56. f8=Q Kd4 57. Qxd6 Kc3 58. Qxc5 Kxb3
59. Qb5+ Kc3 60. c5 Kd4 61. d6 Ke3 62. d7 Ke4 63. Qxb7+ Kd4 64. d8=Q+ Ke3 65.
Qe8 Ke2 1/2-1/2

[Event "FICS rated blitz game"]
[Site "FICS freechess.org"]
[Date "2018.01.18"]
[Round "?"]
[White "morts"]
[Black "AkeZ"]
[Result "1-0"]
[WhiteElo "1167"]
[BlackElo "1097"]
[PlyCount "93"]
[EventDate "2018.??.??"]
[EventType "blitz"]

1. e4 e5 2. Nf3 Nc6 3. c3 h6 4. g3 Bc5 5. Bg2 Nf6 6. d3 d6 7. O-O Bg4 8. Qb3
Na5 9. Qc2 O-O 10. b4 Bb6 11. bxa5 Bxa5 12. Nbd2 b5 13. Bb2 c5 14. Nb3 Bb6 15.
c4 b4 16. a4 a5 17. Nbd2 Qe8 18. Nb3 Bd7 19. Nh4 Bxa4 20. Qd1 Bd8 21. Rb1 Nh7
22. Ba1 Bxh4 23. gxh4 Qe7 24. Qg4 Nf6 25. Qg3 Bd7 26. Nd2 Ng4 27. Nf3 f5 28. h3
f4 29. Qxg4 Bxg4 30. hxg4 Qf6 31. g5 hxg5 32. Nxg5 Qh6 33. Nf3 Rf6 34. Kh2 Qh5
35. Kh3 Rg6 36. Ng5 Rf8 37. Bb2 Rh6 38. Nf3 Rg6 39. Rg1 Qg4+ 40. Kh2 Rh6 41.
Ra1 g5 42. Rxa5 gxh4 43. Ra7 h3 44. Bh1 Qxg1+ 45. Kxg1 Rff6 46. Kh2 Rf8 47. Rd7
{Black resigns} 1-0

[Event "FICS rated standard game"]
[Site "FICS freechess.org"]
[Date "2018.01.18"]
[Round "?"]
[White "FyFazan"]
[Black "mhmf"]
[Result "0-1"]
[WhiteElo "1658"]
[BlackElo "1621"]
[PlyCount "64"]
[EventDate "2018.??.??"]

1. e4 e5 2. Nf3 Nc6 3. c3 Nf6 4. d3 Bc5 5. Be2 d6 6. d4 exd4 7. cxd4 Bb4+ 8.
Bd2 Bxd2+ 9. Nbxd2 O-O 10. O-O Nh5 11. h3 Nf4 12. Bc4 Qf6 13. d5 Ne5 14. Nxe5
dxe5 15. Nf3 Qg6 16. g3 Bxh3 17. Kh2 Bxf1 18. Qxf1 Qh5+ 19. Nh4 Ng6 20. Qh3
Nxh4 21. gxh4 a6 22. Rg1 Qh6 23. Rg4 c6 24. dxc6 Qxc6 25. b3 Qc5 26. Qg3 g6 27.
h5 Kg7 28. hxg6 fxg6 29. Rh4 Rxf2+ 30. Kh3 Raf8 31. Qg5 R8f3+ 32. Kg4 Qc8+ {
White resigns} 0-1

[Event "FICS rated blitz game"]
[Site "FICS freechess.org"]
[Date "2018.01.18"]
[Round "?"]
[White "herbsol"]
[Black "aladu"]
[Result "1-0"]
[WhiteElo "1240"]
[BlackElo "1348"]
[PlyCount "57"]
[EventDate "2018.??.??"]
[EventType "blitz"]

1. e4 e5 2. Nf3 Nc6 3. c3 d6 4. h3 Be7 5. d4 Nf6 6. d5 Nb8 7. Bd3 Bd7 8. O-O a6
9. a4 O-O 10. b4 c6 11. Ng5 h6 12. Nf3 cxd5 13. exd5 Nxd5 14. Bb2 Nf4 15. Be4
Bc6 16. Nbd2 Bxe4 17. Nxe4 Qc7 18. Rc1 Nd7 19. c4 Nf6 20. Re1 Nxe4 21. Rxe4 Qd8
22. Kh2 Rc8 23. c5 Ne6 24. cxd6 Bxd6 25. Rxc8 Qxc8 26. Qxd6 Qc2 27. Qxe5 Qxf2
28. Rg4 g6 29. Qh8# {Black checkmated} 1-0

[Event "FICS rated blitz game"]
[Site "FICS freechess.org"]
[Date "2018.01.18"]
[Round "?"]
[White "haredank"]
[Black "SomanNair"]
[Result "0-1"]
[WhiteElo "1596"]
[BlackElo "1502"]
[PlyCount "52"]
[EventDate "2018.??.??"]
[EventType "blitz"]

1. e4 e5 2. Nf3 Nc6 3. c3 Be7 4. Bc4 Nf6 5. d4 exd4 6. e5 Ng8 7. cxd4 d5 8. Bd3
Bg4 9. Be3 Nh6 10. h3 Bh5 11. O-O O-O 12. Nc3 g5 13. h4 g4 14. Bxh6 gxf3 15.
Bxf8 Qxf8 16. g3 Qg7 17. Kh2 Bxh4 18. Nxd5 Kh8 19. Rg1 Bg5 20. Bf5 Rd8 21. Be4
Bg4 22. Rh1 Nxd4 23. Kg1 h6 24. Qxd4 c6 25. Qc3 cxd5 26. Bd3 d4 0-1

[Event "FICS rated blitz game"]
[Site "FICS freechess.org"]
[Date "2018.01.18"]
[Round "?"]
[White "BiH"]
[Black "lowmiles"]
[Result "1-0"]
[WhiteElo "1552"]
[BlackElo "1564"]
[PlyCount "43"]
[EventDate "2018.??.??"]
[EventType "blitz"]

1. e4 e5 2. Nf3 Nc6 3. c3 Bc5 4. d4 exd4 5. cxd4 Bb6 6. d5 Nce7 7. Nc3 d6 8. h3
Ng6 9. Bd3 Nh4 10. O-O h6 11. Bb5+ Bd7 12. Bxd7+ Kxd7 13. Nd4 Qf6 14. Qg4+ Kd8
15. Be3 Nxg2 16. Kxg2 Bxd4 17. Rac1 Bxc3 18. Rxc3 g5 19. Rfc1 Rc8 20. Qxc8+
Kxc8 21. Rxc7+ Kd8 22. Rc8+ {Black resigns} 1-0

[Event "FICS rated standard game"]
[Site "FICS freechess.org"]
[Date "2018.01.18"]
[Round "?"]
[White "piaanist"]
[Black "UnKo"]
[Result "1-0"]
[WhiteElo "1398"]
[BlackElo "1485"]
[PlyCount "69"]
[EventDate "2018.??.??"]

1. e4 e5 2. Nf3 Nc6 3. c3 Bc5 4. d3 Nf6 5. Be2 Bxf2+ 6. Kxf2 Ng4+ 7. Kf1 h5 8.
h3 Nf6 9. Bg5 d5 10. Nbd2 Bg4 11. exd5 Bxf3 12. Bxf3 e4 13. Nxe4 Ne5 14. Nxf6+
gxf6 15. Bf4 Nxf3 16. Qxf3 Qd7 17. Re1+ Kd8 18. d6 Re8 19. dxc7+ Kc8 20. Rxe8+
Qxe8 21. Qxh5 b6 22. Qf3 Kd7 23. Qd5+ Ke7 24. Kf2 Kf8 25. Re1 Qc8 26. Qc6 Kg7
27. g4 a5 28. Kf3 Ra6 29. h4 b5 30. Qxb5 a4 31. Re8 Qxc7 32. Bxc7 Ra7 33. g5
Rxc7 34. gxf6+ Kxf6 35. Qg5# {Black checkmated} 1-0